[Event "SVK-chT2A 1314"]
[Site "Slovakia"]
[Date "2014.03.15"]
[Round "10.3"]
[White "Padysak, Tomas"]
[Black "Mydlarik, Martin"]
[Result "1/2-1/2"]
[WhiteElo "2065"]
[BlackElo "2112"]
[PlyCount "46"]
[EventDate "2013.10.19"]
[EventType "team-tourn"]
[EventRounds "11"]
[EventCountry "SVK"]
[SourceTitle "EXT 2015"]
[Source "ChessBase"]
[SourceDate "2014.11.20"]
[SourceVersion "1"]
[SourceVersionDate "2014.11.20"]
[SourceQuality "1"]
[WhiteTeam "Bratislava KSN"]
[BlackTeam "Modra II"]
[WhiteTeamCountry "SVK"]
[BlackTeamCountry "SVK"]

1. e4 e6 2. d3 d5 3. Nd2 dxe4 4. dxe4 Bc5 5. Ngf3 Nf6 6. Be2 Nc6 7. 0-0 e5 8. Nc4 Qxd1 9. Bxd1 Nxe4 10. Ncxe5 Nxe5 11. Nxe5 Be6 12. Nd3 Be7 13. Re1 Nc5 14. Nf4 0-0-0 15. Nxe6 Nxe6 16. Bg4 Bf6 17. c3 Rd6 18. Be3 Kb8 19. Rad1 Rhd8 20. Rxd6 Rxd6 21. Rd1 Rxd1+ 22. Bxd1 Bg5 23. Bxg5 Nxg5 1/2-1/2

[Event "SVK-chT2A 1314"]
[Site "Slovakia"]
[Date "2013.10.19"]
[Round "1.5"]
[White "Balogh, Peter"]
[Black "Padysak, Tomas"]
[Result "1-0"]
[WhiteElo "2081"]
[BlackElo "2065"]
[PlyCount "76"]
[EventDate "2013.10.19"]
[EventType "team-tourn"]
[EventRounds "11"]
[EventCountry "SVK"]
[SourceTitle "EXT 2015"]
[Source "ChessBase"]
[SourceDate "2014.11.20"]
[SourceVersion "1"]
[SourceVersionDate "2014.11.20"]
[SourceQuality "1"]
[WhiteTeam "Gabcikovo"]
[BlackTeam "Bratislava KSN"]
[WhiteTeamCountry "SVK"]
[BlackTeamCountry "SVK"]

1. e4 e5 2. Nf3 Nc6 3. Bc4 Nf6 4. d4 exd4 5. 0-0 Nxe4 6. Re1 d5 7. Bxd5 Qxd5 8. Nc3 Qh5 9. Nxe4 Be6 10. Bg5 Bd6 11. Nxd6+ cxd6 12. Bf4 0-0-0 13. Nxd4 Qxd1 14. Raxd1 Nxd4 15. Rxd4 d5 16. Be5 Rhg8 17. Ra4 a6 18. Re3 Bd7 19. Rc3+ Bc6 20. Rxa6 bxa6 21. Rxc6+ Kd7 22. Rxa6 Rge8 23. f4 f6 24. Ra7+ Kc6 25. Bd4 Rd7 26. Ra5 Re4 27. c3 Rxf4 28. b4 Re7 29. b5+ Kd6 30. Ra6+ Kd7 31. h3 Re1+ 32. Kh2 Rb1 33. a4 Re4 34. Ra7+ Kc8 35. Rxg7 Ra1 36. Rxh7 Rxa4 37. Bxf6 Ra2 38. b6 Rb2 1-0

[Event "SVK-chT2A 1213"]
[Site "Slovakia"]
[Date "2013.03.17"]
[Round "11.7"]
[White "Padysak, Tomas"]
[Black "Povysil, Peter"]
[Result "1-0"]
[WhiteElo "2035"]
[BlackElo "1993"]
[PlyCount "65"]
[EventDate "2012.10.13"]
[EventType "team-tourn"]
[EventRounds "11"]
[EventCountry "SVK"]
[SourceTitle "EXT 2015"]
[Source "ChessBase"]
[SourceDate "2014.11.20"]
[SourceVersion "1"]
[SourceVersionDate "2014.11.20"]
[SourceQuality "1"]
[WhiteTeam "Bratislava KSN"]
[BlackTeam "Krasnany"]
[WhiteTeamCountry "SVK"]
[BlackTeamCountry "SVK"]

1. e4 e6 2. d3 d5 3. Qe2 Be7 4. g3 Nc6 5. Nf3 dxe4 6. dxe4 e5 7. c3 Nf6 8. Bg2 0-0 9. 0-0 Bg4 10. Qc2 Bxf3 11. Bxf3 Qd7 12. Nd2 a5 13. Nc4 Bc5 14. Ne3 Qh3 15. Bg2 Qh5 16. Nf5 Rad8 17. h3 Rd7 18. g4 Nxg4 19. hxg4 Qxg4 20. Be3 Bxe3 21. Nxe3 Qh5 22. Rad1 Re7 23. Rd5 Re6 24. Qd1 Qg6 25. Qg4 Ne7 26. Qxg6 Nxg6 27. Rfd1 Nf4 28. Rxa5 c6 29. f3 b6 30. Ra6 Rg6 31. Rxb6 Nxg2 32. Nxg2 f5 33. exf5 1-0

[Event "SVK-chT2A 1213"]
[Site "Slovakia"]
[Date "2013.02.16"]
[Round "8.5"]
[White "Padysak, Tomas"]
[Black "Spacek, Oliver"]
[Result "1-0"]
[WhiteElo "2035"]
[BlackElo "1977"]
[PlyCount "93"]
[EventDate "2012.10.13"]
[EventType "team-tourn"]
[EventRounds "11"]
[EventCountry "SVK"]
[SourceTitle "EXT 2015"]
[Source "ChessBase"]
[SourceDate "2014.11.20"]
[SourceVersion "1"]
[SourceVersionDate "2014.11.20"]
[SourceQuality "1"]
[WhiteTeam "Bratislava KSN"]
[BlackTeam "Osuske II"]
[WhiteTeamCountry "SVK"]
[BlackTeamCountry "SVK"]

1. e4 c5 2. Nf3 e6 3. d4 cxd4 4. Nxd4 a6 5. Nc3 b5 6. Bd3 Qb6 7. Nb3 Qc7 8. 0-0 Bb7 9. f4 Nf6 10. e5 b4 11. exf6 bxc3 12. Qe1 Qb6+ 13. Qf2 Qc7 14. Qd4 gxf6 15. Qxc3 Nc6 16. Be4 d5 17. Bf3 Bg7 18. Be3 0-0 19. f5 Qe5 20. Qxe5 fxe5 21. Nc5 e4 22. f6 Bxf6 23. Bh5 Bg7 24. Nxb7 d4 25. Bf4 e5 26. Bg5 f6 27. Bh4 Rab8 28. Nc5 Rxb2 29. Ne6 Rxc2 30. Nxf8 Bxf8 31. Bxf6 d3 32. Bg5 Bc5+ 33. Kh1 e3 34. Bf7+ Kg7 35. Bb3 Rb2 36. Rfe1 e2 37. Bc1 Rxb3 38. axb3 Bb4 39. Be3 Nd4 40. Kg1 Nc2 41. Kf2 a5 42. Rec1 Nd4 43. Bxd4 exd4 44. Rc4 Bd2 45. Rxd4 Bc3 46. Rd7+ Kf6 47. Rb1 1-0

[Event "SVK-chT2A 1213"]
[Site "Slovakia"]
[Date "2012.10.13"]
[Round "1.6"]
[White "Balogh, Peter1111"]
[Black "Padysak, Tomas"]
[Result "1/2-1/2"]
[WhiteElo "2013"]
[BlackElo "2035"]
[PlyCount "72"]
[EventDate "2012.10.13"]
[EventType "team-tourn"]
[EventRounds "11"]
[EventCountry "SVK"]
[SourceTitle "EXT 2015"]
[Source "ChessBase"]
[SourceDate "2014.11.20"]
[SourceVersion "1"]
[SourceVersionDate "2014.11.20"]
[SourceQuality "1"]
[WhiteTeam "Gabcikovo"]
[BlackTeam "Bratislava KSN"]
[WhiteTeamCountry "SVK"]
[BlackTeamCountry "SVK"]

1. e4 c5 2. Nf3 d6 3. d4 cxd4 4. Nxd4 Nf6 5. Nc3 a6 6. Bg5 e6 7. f4 Qb6 8. Qd2 Qxb2 9. Rb1 Qa3 10. Bc4 Qc5 11. Qd3 h6 12. Bxf6 gxf6 13. f5 Nc6 14. Nxc6 bxc6 15. fxe6 fxe6 16. Rf1 Be7 17. Ne2 Rg8 18. Nf4 Qe5 19. Kd2 Bd7 20. Rf3 Qa5+ 21. c3 d5 22. exd5 cxd5 23. Qh7 0-0-0 24. Qxe7 dxc4 25. Kc1 Rge8 26. Qb4 Qxb4 27. Rxb4 Bb5 28. a4 Bc6 29. Rxc4 Kb7 30. Rh3 e5 31. Ng6 Bxg2 32. Rxh6 Rc8 33. Rb4+ Ka8 34. Nh4 Bb7 35. Rh7 Bd5 36. Rb6 Rc6 1/2-1/2

[Event "SVK-chT2A 1112"]
[Site "Slovakia"]
[Date "2012.01.07"]
[Round "7.5"]
[White "Padysak, Tomas"]
[Black "Hajek, Lukas1111"]
[Result "0-1"]
[WhiteElo "2025"]
[BlackElo "2038"]
[PlyCount "72"]
[EventDate "2011.10.08"]
[EventType "team-tourn"]
[EventRounds "11"]
[EventCountry "SVK"]
[SourceTitle "EXT 2013"]
[Source "ChessBase"]
[SourceDate "2012.11.22"]
[SourceVersion "1"]
[SourceVersionDate "2012.11.22"]
[SourceQuality "1"]
[WhiteTeam "Bratislava KSN"]
[BlackTeam "Bratislava Doprastav II"]
[WhiteTeamCountry "SVK"]
[BlackTeamCountry "SVK"]

1. e4 e6 2. d3 d5 3. Nd2 c5 4. Ngf3 Nc6 5. g3 g6 6. Bg2 Bg7 7. 0-0 Nge7 8. Re1 b6 9. c3 a5 10. Nf1 Ba6 11. e5 Qc7 12. Qe2 h6 13. h4 0-0-0 14. N1h2 g5 15. hxg5 Ng6 16. Ng4 h5 17. Nf6 Bxf6 18. gxf6 h4 19. gxh4 Nxh4 20. Nxh4 Rxh4 21. Bg5 Rh7 22. f4 Rdh8 23. Kf2 Qd8 24. Qe3 Qg8 25. d4 Rh2 26. dxc5 Qh7 27. Qg3 Qc2+ 28. Kg1 bxc5 29. b3 Qh7 30. c4 Rh1+ 31. Kf2 Qc2+ 32. Re2 Qxe2+ 33. Kxe2 Rxa1 34. Kd3 Rxa2 35. f5 Bxc4+ 36. Kc3 Nb4 0-1

[Event "SVK-chT2A 1112"]
[Site "Slovakia"]
[Date "2011.10.08"]
[Round "1.5"]
[White "Padysak, Tomas"]
[Black "Mydlarik, Martin"]
[Result "1/2-1/2"]
[WhiteElo "2025"]
[BlackElo "2136"]
[PlyCount "138"]
[EventDate "2011.10.08"]
[EventType "team-tourn"]
[EventRounds "11"]
[EventCountry "SVK"]
[SourceTitle "EXT 2013"]
[Source "ChessBase"]
[SourceDate "2012.11.22"]
[SourceVersion "1"]
[SourceVersionDate "2012.11.22"]
[SourceQuality "1"]
[WhiteTeam "Bratislava KSN"]
[BlackTeam "Modra II"]
[WhiteTeamCountry "SVK"]
[BlackTeamCountry "SVK"]

1. e4 e6 2. d3 d5 3. Nd2 Nf6 4. Ngf3 Bc5 5. e5 Nfd7 6. c3 Be7 7. Qe2 b6 8. g3 Ba6 9. c4 Nc6 10. Bg2 Nb4 11. 0-0 Bb7 12. a3 Na6 13. b4 c5 14. b5 Nc7 15. a4 0-0 16. Re1 f5 17. h4 Re8 18. Nf1 Nf8 19. Ng5 h6 20. Nh3 a6 21. Bd2 Qd7 22. h5 Red8 23. g4 Ra7 24. a5 axb5 25. axb6 Rxa1 26. Rxa1 Ra8 27. Rb1 Na6 28. cxb5 Nb4 29. d4 Ra2 30. gxf5 exf5 31. Qf3 Qxb5 32. dxc5 Bxc5 33. Qxf5 Qd3 34. Qxd3 Nxd3 35. Be3 Be7 36. Nf4 Nxe5 37. Nxd5 Bd6 38. Nc3 Rc2 39. Bxb7 Rxc3 40. Bd5+ Kh7 41. Be4+ Kg8 42. Rd1 Nf7 43. Bd5 Bb8 44. b7 Rc7 45. Bf4 Rxb7 46. Bxb7 Bxf4 47. Bd5 Nh7 48. Ra1 Nhg5 49. Ra8+ Kh7 50. Bxf7 Nxf7 51. Rf8 Ng5 52. Kg2 Bd6 53. Rd8 Bf4 54. Rd7 Kg8 55. Ne3 Be5 56. Nf5 Bf6 57. Rb7 Kf8 58. Kg3 Ne6 59. Kf3 Ng5+ 60. Ke3 Ne6 61. Ra7 Nc5 62. Rc7 Ne6 63. Rb7 Nc5 64. Ra7 Bb2 65. Nd4 Bc1+ 66. Kf3 Bb2 67. Nf5 Bf6 68. Kf4 Nd3+ 69. Kf3 Nc5 1/2-1/2

[Event "Bratislava MMX op"]
[Site "Bratislava"]
[Date "2010.08.30"]
[Round "4"]
[White "Padysak, Tomas"]
[Black "Badura, Peter"]
[Result "1/2-1/2"]
[WhiteElo "2010"]
[BlackElo "1893"]
[PlyCount "148"]
[EventDate "2010.08.28"]
[EventType "swiss"]
[EventRounds "9"]
[EventCountry "SVK"]
[SourceTitle "EXT 2011"]
[Source "ChessBase"]
[SourceDate "2010.11.26"]
[SourceVersion "1"]
[SourceVersionDate "2010.11.26"]
[SourceQuality "1"]

1. e4 c5 2. Nf3 d6 3. d4 cxd4 4. Nxd4 Nf6 5. Nc3 a6 6. Be2 g6 7. 0-0 Bg7 8. Be3 0-0 9. f3 Bd7 10. Qd2 Nc6 11. a4 Qc7 12. Rfd1 b6 13. Nb3 Rfd8 14. Bd3 Be6 15. Qf2 Nd7 16. Nd4 Nxd4 17. Bxd4 Nc5 18. Bxg7 Kxg7 19. Qd4+ Kg8 20. f4 Nxd3 21. Rxd3 Qc5 22. a5 b5 23. Qxc5 dxc5 24. Rad1 Rxd3 25. Rxd3 Kf8 26. Kf2 Ke8 27. Nd5 Bxd5 28. Rxd5 Rc8 29. Ke3 e6 30. Rd6 Ra8 31. e5 Ke7 32. b3 h6 33. Rc6 g5 34. Rc7+ Ke8 35. fxg5 hxg5 36. Kf3 c4 37. bxc4 bxc4 38. Rxc4 Kd7 39. g3 Rb8 40. Rc5 Rh8 41. Kg2 g4 42. Rc4 Rh5 43. Rxg4 Rxe5 44. h4 Rxa5 45. Rg8 Rc5 46. Kh3 Rxc2 47. h5 e5 48. Rg4 Rc6 49. Rh4 Rh6 50. Kg4 Ke6 51. Kg5 Rh8 52. g4 Rg8+ 53. Kh6 Kf6 54. Kh7 Rg5 55. h6 a5 56. Kh8 a4 57. h7 Rg6 58. g5+ Rxg5 59. Rxa4 Kf5 60. Ra7 Ke6 61. Ra6+ Kd5 62. Ra7 f5 63. Rg7 Rh5 64. Kg8 f4 65. h8Q Rxh8+ 66. Kxh8 f3 67. Rf7 e4 68. Kg7 Kd4 69. Kg6 Kd3 70. Kg5 Ke2 71. Kf4 e3 72. Re7 f2 73. Rxe3+ Kd2 74. Rf3 Ke2 1/2-1/2

[Event "SVK-chT2A 0910"]
[Site "Slovakia"]
[Date "2009.11.07"]
[Round "3.5"]
[White "Michal, Silvio"]
[Black "Padysak, Tomas"]
[Result "1-0"]
[WhiteElo "2105"]
[BlackElo "2022"]
[PlyCount "115"]
[EventDate "2009.10.10"]
[EventType "team-tourn"]
[EventRounds "11"]
[EventCountry "SVK"]
[SourceTitle "EXT 2011"]
[Source "ChessBase"]
[SourceDate "2010.11.26"]
[SourceVersion "1"]
[SourceVersionDate "2010.11.26"]
[SourceQuality "1"]
[WhiteTeam "Pezinok KS"]
[BlackTeam "Bratislava Slavia STU"]
[WhiteTeamCountry "SVK"]
[BlackTeamCountry "SVK"]

1. c4 e5 2. Nc3 Nc6 3. Nf3 g6 4. d3 d6 5. Be3 Bg7 6. g3 Bg4 7. Bg2 Qd7 8. h3 Bf5 9. g4 Be6 10. Ng5 Nge7 11. Qd2 f5 12. Nxe6 Qxe6 13. Nb5 Qd7 14. Bh6 Bxh6 15. Qxh6 0-0-0 16. Qe3 Kb8 17. g5 a6 18. Nc3 Nd4 19. Qd2 c6 20. b4 d5 21. b5 dxc4 22. bxa6 cxd3 23. Rb1 Nc2+ 24. Kf1 b5 25. Nxb5 cxb5 26. a7+ Qxa7 27. Rxb5+ Kc8 28. Qc3+ Kd7 29. Qxd3+ Ke8 30. Qxc2 Qd7 31. Rb1 e4 32. e3 Rf8 33. Ke2 Rc8 34. Qb3 Nd5 35. Rhc1 Ke7 36. Kf1 Rxc1+ 37. Rxc1 Rd8 38. Kg1 Qd6 39. Qb2 Kf7 40. Rd1 Qc6 41. Qb3 Ke7 42. Bf1 Rd6 43. a4 Nb6 44. Rxd6 Kxd6 45. a5 Nd7 46. a6 Nb6 47. Qg8 Qc7 48. Qf8+ Kc6 49. h4 Nd7 50. Qb4 Ne5 51. Be2 Kd7 52. Qa4+ Nc6 53. Bb5 Kd6 54. Qa3+ Kd5 55. Bxc6+ Qxc6 56. a7 Qa8 57. Qb3+ Kc6 58. Qb8 1-0

[Event "SVK-chT2A 0910"]
[Site "Slovakia"]
[Date "2009.10.10"]
[Round "1.7"]
[White "Padysak, Tomas"]
[Black "Zarecky, Eduard"]
[Result "1-0"]
[WhiteElo "2022"]
[BlackElo "1947"]
[PlyCount "53"]
[EventDate "2009.10.10"]
[EventType "team-tourn"]
[EventRounds "11"]
[EventCountry "SVK"]
[SourceTitle "EXT 2011"]
[Source "ChessBase"]
[SourceDate "2010.11.26"]
[SourceVersion "1"]
[SourceVersionDate "2010.11.26"]
[SourceQuality "1"]
[WhiteTeam "Bratislava Slavia STU"]
[BlackTeam "Trnava Modranka"]
[WhiteTeamCountry "SVK"]
[BlackTeamCountry "SVK"]

1. e4 e5 2. Nf3 d6 3. d4 exd4 4. Nxd4 Nf6 5. Nc3 Be7 6. f3 a6 7. Be3 Bd7 8. Qd2 Nc6 9. 0-0-0 b5 10. Nf5 Bxf5 11. exf5 Ne5 12. Bd4 0-0 13. Qe1 Nc6 14. Be3 Qd7 15. g4 Ne5 16. Qg3 b4 17. Nd5 Qa4 18. Nxf6+ Bxf6 19. g5 Bd8 20. f4 Qxa2 21. fxe5 dxe5 22. Qxe5 Bf6 23. gxf6 Rfe8 24. Qg3 g6 25. fxg6 hxg6 26. Bd3 Qa1+ 27. Kd2 1-0

[Event "Brezova op"]
[Site "Brezova pod Bradlom"]
[Date "2009.08.28"]
[Round "8"]
[White "Sosovicka, Matej"]
[Black "Padysak, Tomas"]
[Result "1-0"]
[WhiteElo "1844"]
[BlackElo "2039"]
[PlyCount "51"]
[EventDate "2009.08.22"]
[EventType "swiss"]
[EventRounds "9"]
[EventCountry "SVK"]
[SourceTitle "CBM 132 Extra"]
[Source "ChessBase"]
[SourceDate "2009.11.03"]
[SourceVersion "1"]
[SourceVersionDate "2009.11.03"]
[SourceQuality "1"]

1. e4 a6 2. d4 b5 3. Nf3 Bb7 4. Bd3 e6 5. 0-0 Nf6 6. Re1 h6 7. c3 Be7 8. Nbd2 0-0 9. Nf1 c5 10. Ng3 d5 11. e5 Nfd7 12. Bb1 Re8 13. Bf4 Nf8 14. Qd2 Ng6 15. Bxg6 fxg6 16. Bxh6 gxh6 17. Qxh6 Bf8 18. Qxg6+ Bg7 19. Nh5 Re7 20. Ng5 Kf8 21. Nxg7 Rxg7 22. Nxe6+ Ke7 23. Qf6+ Kd7 24. Qxd8+ Kxe6 25. Qf6+ Kd7 26. Qxg7+ 1-0

[Event "Brezova op"]
[Site "Brezova pod Bradlom"]
[Date "2009.08.26"]
[Round "6"]
[White "Jablonicky, Frantisek"]
[Black "Padysak, Tomas"]
[Result "1-0"]
[WhiteElo "2222"]
[BlackElo "2039"]
[PlyCount "97"]
[EventDate "2009.08.22"]
[EventType "swiss"]
[EventRounds "9"]
[EventCountry "SVK"]
[SourceTitle "CBM 132 Extra"]
[Source "ChessBase"]
[SourceDate "2009.11.03"]
[SourceVersion "1"]
[SourceVersionDate "2009.11.03"]
[SourceQuality "1"]

1. d4 Nf6 2. c4 g6 3. Nc3 d5 4. g3 Bg7 5. Bg2 c6 6. Qb3 dxc4 7. Qxc4 Nbd7 8. Nf3 Nb6 9. Qd3 0-0 10. 0-0 Be6 11. Rd1 h6 12. h3 Qc8 13. Kh2 Rd8 14. e4 Qd7 15. Qe2 Qe8 16. Rb1 Rac8 17. b3 Nh7 18. Bb2 Rd7 19. Rd2 Rcd8 20. Rbd1 Nf6 21. Nb1 Kh7 22. Ne5 Rc7 23. f4 Rcc8 24. g4 Bd7 25. a4 Ng8 26. a5 Na8 27. Na3 Nc7 28. Qe3 Ra8 29. Qc3 Rac8 30. f5 g5 31. Qc5 Ra8 32. d5 Na6 33. Qc4 Rac8 34. Nxd7 Rxd7 35. Bxg7 Kxg7 36. Qd4+ Kh7 37. Qxa7 c5 38. Nc4 Ra8 39. Qb6 Rad8 40. e5 Rb8 41. Be4 Kg7 42. d6 exd6 43. Rxd6 Rxd6 44. Qxd6 Qb5 45. Qb6 Qxb6 46. Nxb6 Kh8 47. Rd7 Re8 48. Nc4 Ne7 49. Nd6 1-0

[Event "Brezova op"]
[Site "Brezova pod Bradlom"]
[Date "2009.08.24"]
[Round "4"]
[White "Lajda, Dusan"]
[Black "Padysak, Tomas"]
[Result "1/2-1/2"]
[WhiteElo "1872"]
[BlackElo "2039"]
[PlyCount "59"]
[EventDate "2009.08.22"]
[EventType "swiss"]
[EventRounds "9"]
[EventCountry "SVK"]
[SourceTitle "CBM 132 Extra"]
[Source "ChessBase"]
[SourceDate "2009.11.03"]
[SourceVersion "1"]
[SourceVersionDate "2009.11.03"]
[SourceQuality "1"]

1. e4 c5 2. Nf3 d6 3. d4 cxd4 4. Nxd4 Nf6 5. Nc3 a6 6. Be3 e5 7. Nb3 Be7 8. f3 Be6 9. Qd2 0-0 10. 0-0-0 Nbd7 11. g4 b5 12. g5 b4 13. Ne2 Ne8 14. h4 a5 15. Kb1 Qb8 16. Bh3 Nc7 17. f4 Bxh3 18. Rxh3 Nb5 19. Bf2 Rc8 20. Ka1 Qc7 21. Kb1 Qc6 22. Qd3 a4 23. Na1 b3 24. cxb3 a3 25. Qd5 Qa6 26. Rc1 axb2 27. Rxc8+ Rxc8 28. Kxb2 Qa3+ 29. Kb1 Qa6 30. Qd3 1/2-1/2

[Event "Stare Mesto op"]
[Site "Stare Mesto"]
[Date "2009.08.16"]
[Round "4"]
[White "Padysak, Tomas"]
[Black "Ralis, Petr"]
[Result "0-1"]
[WhiteElo "2039"]
[BlackElo "2239"]
[PlyCount "120"]
[EventDate "2009.08.14"]
[EventType "swiss"]
[EventRounds "10"]
[EventCountry "CZE"]
[SourceTitle "CBM 131 Extra"]
[Source "ChessBase"]
[SourceDate "2009.09.03"]
[SourceVersion "2"]
[SourceVersionDate "2009.09.16"]
[SourceQuality "1"]

1. e4 c5 2. Nf3 d6 3. d4 cxd4 4. Nxd4 Nf6 5. Nc3 g6 6. Be3 Bg7 7. f3 0-0 8. Qd2 Nc6 9. 0-0-0 d5 10. Nxc6 bxc6 11. Na4 e5 12. h4 Be6 13. Nc5 Qe7 14. Nxe6 Qxe6 15. exd5 cxd5 16. Bg5 Rfc8 17. h5 Nxh5 18. Qxd5 Qf5 19. Qd2 Ng3 20. Rg1 Nxf1 21. Rgxf1 Rab8 22. Be3 e4 23. b3 h5 24. fxe4 Qxe4 25. Qf2 Rxc2+ 26. Qxc2 Qxe3+ 27. Kb1 Qe5 28. Kc1 Qa1+ 29. Kd2 Rd8+ 30. Ke2 Qe5+ 31. Kf2 Qf4+ 32. Kg1 Bd4+ 33. Rxd4 Qxd4+ 34. Kh1 Rd5 35. Qc7 Rd7 36. Qc6 Qd5 37. Qc8+ Kg7 38. Qc3+ Qd4 39. Qc6 h4 40. Qf3 f5 41. Kh2 Qe5+ 42. Kh1 Rd2 43. Qb7+ Kh6 44. Qb4 Qd4 45. Qf8+ Kg5 46. Qe7+ Kg4 47. Qe6 Qd6 48. Qc4+ f4 49. Qe4 Kg5 50. a4 Rd4 51. Qe2 Rd3 52. Rf3 Rd2 53. Qc4 Qd4 54. Qb5+ Kg4 55. Qa6 Rd1+ 56. Rf1 Rxf1+ 57. Qxf1 Qe3 58. Qa6 Kh5 59. Qb5+ g5 60. Qc4 f3 0-1

[Event "SVK-chT2A 0809"]
[Site "Slovakia"]
[Date "2009.03.01"]
[Round "11.4"]
[White "Goga, Frantisek"]
[Black "Padysak, Tomas"]
[Result "0-1"]
[WhiteElo "1960"]
[BlackElo "1941"]
[PlyCount "72"]
[EventDate "2008.10.11"]
[EventType "team-tourn"]
[EventRounds "11"]
[EventCountry "SVK"]
[SourceTitle "EXT 2010"]
[Source "ChessBase"]
[SourceDate "2010.11.25"]
[SourceVersion "1"]
[SourceVersionDate "2010.11.25"]
[SourceQuality "1"]
[WhiteTeam "Bratislava Doprastav IV"]
[BlackTeam "Bratislava Slavia STU"]
[WhiteTeamCountry "SVK"]
[BlackTeamCountry "SVK"]

1. e4 e5 2. Nf3 Nc6 3. d4 exd4 4. Bc4 Nf6 5. e5 d5 6. Bb5 Ne4 7. Nxd4 Bd7 8. Bxc6 bxc6 9. 0-0 Bc5 10. f3 Ng5 11. f4 Ne4 12. Be3 Bb6 13. Nd2 Nxd2 14. Qxd2 0-0 15. Nb3 Qe7 16. Qc3 Rfe8 17. Rae1 Bxe3+ 18. Rxe3 Rab8 19. f5 Qb4 20. Qc5 Qb6 21. Kh1 Bc8 22. Qc3 Ba6 23. Rfe1 Bc4 24. Rg3 Bxb3 25. axb3 d4 26. Qd2 Qb4 27. c3 dxc3 28. bxc3 Qf8 29. h3 Rxb3 30. Re4 Kh8 31. Rf3 Rb5 32. e6 fxe6 33. fxe6 Rb1+ 34. Re1 Rxe1+ 35. Qxe1 Qe7 36. Rf7 Qxf7 0-1

[Event "SVK-chT2A 0809"]
[Site "Slovakia"]
[Date "2009.02.28"]
[Round "10.5"]
[White "Bezuch, Martin"]
[Black "Padysak, Tomas"]
[Result "1-0"]
[WhiteElo "2238"]
[BlackElo "1941"]
[PlyCount "105"]
[EventDate "2008.10.11"]
[EventType "team-tourn"]
[EventRounds "11"]
[EventCountry "SVK"]
[SourceTitle "EXT 2010"]
[Source "ChessBase"]
[SourceDate "2010.11.25"]
[SourceVersion "1"]
[SourceVersionDate "2010.11.25"]
[SourceQuality "1"]
[WhiteTeam "Bratislava Doprastav III"]
[BlackTeam "Bratislava Slavia STU"]
[WhiteTeamCountry "SVK"]
[BlackTeamCountry "SVK"]

1. e4 e5 2. Nf3 Nc6 3. Bc4 Nf6 4. d3 Bc5 5. c3 d6 6. Nbd2 0-0 7. Bb3 Be6 8. 0-0 h6 9. Nc4 Bb6 10. a4 Nd7 11. Ne3 Bxb3 12. Qxb3 Nc5 13. Qc2 a6 14. Nf5 Ne6 15. Qe2 Ne7 16. N3h4 Ng6 17. g3 Qf6 18. Ng2 Ne7 19. Nge3 Nxf5 20. exf5 Bxe3 21. fxe3 Nc5 22. e4 Nb3 23. Rb1 Nxc1 24. Rfxc1 b5 25. b4 Rfc8 26. c4 bxa4 27. Ra1 c5 28. Rxa4 cxb4 29. Rxb4 Rcb8 30. Ra4 Qg5 31. Rca1 Rb6 32. Kf2 h5 33. h4 Qh6 34. Qe3 Rb2+ 35. Kf3 Qxe3+ 36. Kxe3 Rab8 37. Rxa6 Kh7 38. R1a2 Rb1 39. Rxd6 Re1+ 40. Re2 Rg1 41. Kf3 Rb3 42. Rd8 Rc1 43. Ra2 Rf1+ 44. Ke3 Re1+ 45. Kd2 Rbb1 46. Kc3 Rec1+ 47. Rc2 Rg1 48. c5 Rb7 49. c6 Rc7 50. Kb4 Rb1+ 51. Kc5 Ra1 52. Kd6 Raa7 53. Rd7 1-0

[Event "SVK-chT2A 0809"]
[Site "Slovakia"]
[Date "2009.01.10"]
[Round "7.4"]
[White "Padysak, Tomas"]
[Black "Srna, Jan"]
[Result "1-0"]
[WhiteElo "1941"]
[BlackElo "2042"]
[PlyCount "109"]
[EventDate "2008.10.11"]
[EventType "team-tourn"]
[EventRounds "11"]
[EventCountry "SVK"]
[SourceTitle "EXT 2010"]
[Source "ChessBase"]
[SourceDate "2010.11.25"]
[SourceVersion "1"]
[SourceVersionDate "2010.11.25"]
[SourceQuality "1"]
[WhiteTeam "Bratislava Slavia STU"]
[BlackTeam "Pezinok KS"]
[WhiteTeamCountry "SVK"]
[BlackTeamCountry "SVK"]

1. e4 e6 2. d3 d5 3. Nd2 c6 4. g3 Bc5 5. Bg2 Ne7 6. Ngf3 Ng6 7. d4 Be7 8. 0-0 b5 9. h4 0-0 10. h5 Nh8 11. Ne5 Qb6 12. Nb3 f6 13. Nd3 a5 14. Qe2 Ra7 15. Nbc5 Na6 16. c3 Nxc5 17. Nxc5 Bxc5 18. dxc5 Qd8 19. Be3 Re7 20. Rfd1 Qe8 21. a4 Ba6 22. b3 Qb8 23. Bf4 e5 24. exd5 cxd5 25. Bxd5+ Nf7 26. Be3 Kh8 27. axb5 Bxb5 28. c4 Be8 29. Qc2 Ng5 30. Rxa5 Qc8 31. Bxg5 fxg5 32. Kg2 Qg4 33. Rh1 e4 34. Qd1 Qf5 35. Ra2 g4 36. h6 gxh6 37. Qd4+ Re5 38. Qe3 Bg6 39. Qf4 Qxf4 40. gxf4 Rxf4 41. Ra8+ Kg7 42. c6 Ref5 43. Rg8+ Kf6 44. Rf1 Ke7 45. c7 Rf8 46. c8Q Rxc8 47. Rxc8 h5 48. Rh1 Kd6 49. b4 Rf3 50. b5 Rc3 51. Rc6+ Ke5 52. b6 Kf4 53. b7 h4 54. Rxh4 e3 55. Rc8 1-0

[Event "SVK-chT2A 0809"]
[Site "Slovakia"]
[Date "2008.10.12"]
[Round "2.5"]
[White "Krajnak, Robert"]
[Black "Padysak, Tomas"]
[Result "1-0"]
[WhiteElo "2079"]
[BlackElo "1941"]
[PlyCount "97"]
[EventDate "2008.10.11"]
[EventType "team-tourn"]
[EventRounds "11"]
[EventCountry "SVK"]
[SourceTitle "EXT 2010"]
[Source "ChessBase"]
[SourceDate "2010.11.25"]
[SourceVersion "1"]
[SourceVersionDate "2010.11.25"]
[SourceQuality "1"]
[WhiteTeam "Bratislava Doprastav II"]
[BlackTeam "Bratislava Slavia STU"]
[WhiteTeamCountry "SVK"]
[BlackTeamCountry "SVK"]

1. c4 e5 2. Nc3 Nc6 3. g3 d6 4. Bg2 Be6 5. d3 Qd7 6. Rb1 g6 7. b4 Bg7 8. b5 Nd8 9. a4 c6 10. a5 Ne7 11. a6 bxa6 12. bxc6 Ndxc6 13. h4 0-0 14. h5 Rab8 15. Rxb8 Rxb8 16. hxg6 hxg6 17. Bg5 f6 18. Bd2 Kf7 19. Nf3 Qb7 20. Ne4 Qd7 21. Qc1 Rh8 22. Rxh8 Bxh8 23. Qa3 Nc8 24. Qxa6 Bg7 25. Nfg5+ fxg5 26. Nxg5+ Ke7 27. Bxc6 Qc7 28. Be4 Bf5 29. Ba5 Qb8 30. Bb7 Nb6 31. Ne4 Nd7 32. Bb4 Bxe4 33. dxe4 Bf6 34. Kf1 Nc5 35. Bxc5 dxc5 36. Bd5 Qb6 37. Qc8 g5 38. Qg8 a5 39. Qf7+ Kd8 40. Be6 Qb1+ 41. Kg2 Qxe4+ 42. Kh2 Be7 43. Qg8+ Kc7 44. Qc8+ Kb6 45. Bd5 Qh7+ 46. Kg2 Bd6 47. Qc6+ Ka7 48. Qxd6 g4 49. Qxc5+ 1-0